Cơ hội và thách thức đối với Việt Nam trong tham gia APEC /

Đã lưu trong:
Sonraí Bibleagrafaíochta
Príomhúdar: Nguyễn Anh Tuấn.
Formáid: Bài viết
Teanga:Vietnamese
Ábhair:
Clibeanna: Cuir Clib Leis
Gan Chlibeanna, Bí ar an gcéad duine leis an taifead seo a chlibeáil!
Thư viện lưu trữ: Thư viện Trường Đại học Đà Lạt
LEADER 00776nam a2200277 4500
001 DLU180184931
005 ##20180516
040 # # |a DLU  |b vie 
041 # # |a vie 
044 # # |a vn 
100 # # |a Nguyễn Anh Tuấn. 
245 # # |a Cơ hội và thách thức đối với Việt Nam trong tham gia APEC /  |c Nguyễn Anh Tuấn. 
653 # # |a APEC 
653 # # |a Cơ hội 
653 # # |a Thách thức 
653 # # |a Việt Nam 
773 # # |t Nghiên cứu Đông Nam Á  |g Số 8, 2016, tr. 3-13 
920 # # |a Phòng Tạp chí -- Trung tâm Thông tin - Thư viện Trường Đại học Đà Lạt 
994 # # |a DLU 
900 # # |a True 
911 # # |a Hoàng Thị Huyền 
925 # # |a G 
926 # # |a A 
927 # # |a BB 
980 # # |a Thư viện Trường Đại học Đà Lạt